[Event "45th FIDE Chess Olympiad Open"]
[Site "Budapest, Hungary"]
[Date "2024.09.19"]
[Round "8"]
[White "Horvath, Dominik"]
[Black "Flores Quillas, Diego Saul Rodri"]
[Result "1/2-1/2"]
[Board "82"]
[WhiteFideId "1642561"]
[BlackFideId "3822508"]
[WhiteTitle "GM"]
[BlackTitle "IM"]
[WhiteElo "2559"]
[BlackElo "2451"]
[WhiteTeam "Austria"]
[BlackTeam "Peru"]
[WhiteClock "0:32:47"]
[BlackClock "0:09:00"]
[Variant "Standard"]

1. Nf3 {[%clk 1:30:51]}  c5 {[%clk 1:30:49]} 2. c4 {[%clk 1:31:15]}  g6 {[%clk 1:29:39]} 3. e4 {[%clk 1:24:28]}  Bg7 {[%clk 1:28:43]} 4. d4 {[%clk 1:24:52]}  cxd4 {[%clk 1:29:05]} 5. Nxd4 {[%clk 1:25:17]}  Nc6 {[%clk 1:28:52]} 6. Be3 {[%clk 1:25:41]}  Nf6 {[%clk 1:10:21]} 7. Nc3 {[%clk 1:24:46]}  Ng4 {[%clk 1:10:30]} 8. Qxg4 {[%clk 1:25:03]}  Nxd4 {[%clk 1:10:59]} 9. Qd1 {[%clk 1:25:24]}  Ne6 {[%clk 1:11:26]} 10. Rc1 {[%clk 1:23:52]}  d6 {[%clk 1:11:27]} 11. g3 {[%clk 1:17:55]}  Bd7 {[%clk 1:11:52]} 12. Bg2 {[%clk 1:17:29]}  a5 {[%clk 1:11:03]} 13. b3 {[%clk 1:14:24]}  Bc6 {[%clk 1:11:05]} 14. O-O {[%clk 1:12:24]}  O-O {[%clk 1:09:29]} 15. a3 {[%clk 1:09:17]}  Nc5 {[%clk 1:02:14]} 16. b4 {[%clk 1:04:14]}  axb4 {[%clk 0:55:11]} 17. axb4 {[%clk 1:04:39]}  Na4 {[%clk 0:54:49]} 18. Nxa4 {[%clk 0:48:10]}  Bxa4 {[%clk 0:52:41]} 19. Qd3 {[%clk 0:48:32]}  Bd7 {[%clk 0:36:06]} 20. Rfd1 {[%clk 0:45:54]}  Ra2 {[%clk 0:28:30]} 21. Rd2 {[%clk 0:43:50]}  Rxd2 {[%clk 0:16:06]} 22. Qxd2 {[%clk 0:44:11]}  Qa8 {[%clk 0:16:05]} 23. c5 {[%clk 0:38:51]}  Be6 {[%clk 0:16:07]} 24. Bg5 {[%clk 0:34:14]}  dxc5 {[%clk 0:14:28]} 25. Bxe7 {[%clk 0:32:23]}  cxb4 {[%clk 0:14:50]} 26. Qxb4 {[%clk 0:27:34]}  Rc8 {[%clk 0:11:38]} 27. Rd1 {[%clk 0:26:48]}  Qa7 {[%clk 0:11:25]} 28. Bg5 {[%clk 0:25:30]}  h5 {[%clk 0:02:43]} 29. Be3 {[%clk 0:25:33]}  Qb8 {[%clk 0:03:04]} 30. Qb6 {[%clk 0:22:47]}  Qc7 {[%clk 0:02:50]} 31. Rb1 {[%clk 0:19:42]}  Qxb6 {[%clk 0:03:15]} 32. Rxb6 {[%clk 0:18:15]}  Bd4 {[%clk 0:02:15]} 33. Rxb7 {[%clk 0:17:49]}  Bxe3 {[%clk 0:02:39]} 34. fxe3 {[%clk 0:18:16]}  Rc1+ {[%clk 0:03:07]} 35. Kf2 {[%clk 0:18:42]}  Rc2+ {[%clk 0:03:32]} 36. Kg1 {[%clk 0:19:09]}  Re2 {[%clk 0:03:53]} 37. Bf3 {[%clk 0:18:41]}  Rxe3 {[%clk 0:04:15]} 38. Kf2 {[%clk 0:19:09]}  Ra3 {[%clk 0:04:20]} 39. h4 {[%clk 0:18:45]}  Kg7 {[%clk 0:04:37]} 40. Rb5 {[%clk 0:19:06]}  Kf6 {[%clk 0:04:24]} 41. Rc5 {[%clk 0:19:32]}  Ke7 {[%clk 0:04:30]} 42. Rb5 {[%clk 0:18:57]}  Bd7 {[%clk 0:03:45]} 43. Rb7 {[%clk 0:18:25]}  Kd8 {[%clk 0:00:35]} 44. Be2 {[%clk 0:16:33]}  Kc8 {[%clk 0:28:09]} 45. Rb4 {[%clk 0:46:56]}  Be6 {[%clk 0:27:02]} 46. Rd4 {[%clk 0:47:23]}  Kc7 {[%clk 0:27:18]} 47. Bd3 {[%clk 0:46:58]}  Ra8 {[%clk 0:21:59]} 48. Ke3 {[%clk 0:47:20]}  Kc6 {[%clk 0:22:24]} 49. e5 {[%clk 0:46:22]}  Kc5 {[%clk 0:22:43]} 50. Rd6 {[%clk 0:46:29]}  Ra3 {[%clk 0:23:08]} 51. Kf4 {[%clk 0:33:41]}  Ra4+ {[%clk 0:22:28]} 52. Ke3 {[%clk 0:29:20]}  Ra3 {[%clk 0:22:24]} 53. Kf4 {[%clk 0:29:43]}  Bd5 {[%clk 0:20:15]} 54. Be4 {[%clk 0:30:08]}  Bxe4 {[%clk 0:20:21]} 55. Kxe4 {[%clk 0:30:36]}  Rxg3 {[%clk 0:20:48]} 56. Rd5+ {[%clk 0:31:03]}  Kc4 {[%clk 0:17:30]} 57. Rd4+ {[%clk 0:31:30]}  Kc5 {[%clk 0:17:06]} 58. Rd5+ {[%clk 0:31:55]}  Kc4 {[%clk 0:17:05]} 59. Rd4+ {[%clk 0:32:21]}  Kc3 {[%clk 0:17:00]} 60. Rd7 {[%clk 0:32:46]}  Rg4+ {[%clk 0:17:26]} 61. Kf3 {[%clk 0:32:13]}  Kc4 {[%clk 0:06:41]} 62. Rxf7 {[%clk 0:30:56]}  Kd5 {[%clk 0:06:21]} 63. Rf4 {[%clk 0:31:01]}  Rg1 {[%clk 0:06:31]} 64. Ra4 {[%clk 0:30:17]}  Kxe5 {[%clk 0:06:53]} 65. Ra5+ {[%clk 0:30:40]}  Kf6 {[%clk 0:07:21]} 66. Ra6+ {[%clk 0:31:06]}  Kg7 {[%clk 0:07:50]} 67. Ra7+ {[%clk 0:31:24]}  Kh6 {[%clk 0:08:17]} 68. Ra4 {[%clk 0:31:51]}  Rb1 {[%clk 0:07:55]} 69. Kg3 {[%clk 0:32:18]}  Rb3+ {[%clk 0:08:20]} 70. Kg2 {[%clk 0:31:20]}  Kg7 {[%clk 0:07:29]} 71. Rf4 {[%clk 0:31:44]}  Rb5 {[%clk 0:07:42]} 72. Kg3 {[%clk 0:31:53]}  Rb3+ {[%clk 0:08:07]} 73. Kg2 {[%clk 0:32:20]}  Rb5 {[%clk 0:08:33]} 74. Kg3 {[%clk 0:32:47]}  Rb3+ {[%clk 0:09:00]} 1/2-1/2

[Event "45th FIDE Chess Olympiad Open"]
[Site "Budapest, Hungary"]
[Date "2024.09.19"]
[Round "8"]
[White "Baidetskyi, Valentin"]
[Black "Delgado Romero, Marco"]
[Result "1-0"]
[Board "84"]
[WhiteFideId "14142317"]
[BlackFideId "3832457"]
[WhiteTitle "IM"]
[WhiteElo "2512"]
[BlackElo "2390"]
[WhiteTeam "Austria"]
[BlackTeam "Peru"]
[WhiteClock "0:14:16"]
[BlackClock "0:06:33"]
[Variant "Standard"]

1. e4 {[%clk 1:30:58]}  c5 {[%clk 1:30:33]} 2. Nf3 {[%clk 1:31:27]}  g6 {[%clk 1:30:20]} 3. c4 {[%clk 1:31:52]}  Bg7 {[%clk 1:30:16]} 4. d4 {[%clk 1:32:18]}  cxd4 {[%clk 1:30:41]} 5. Nxd4 {[%clk 1:32:44]}  Nc6 {[%clk 1:30:28]} 6. Be3 {[%clk 1:33:12]}  Qb6 {[%clk 1:30:41]} 7. Nb5 {[%clk 1:32:22]}  Qa5+ {[%clk 1:31:05]} 8. N5c3 {[%clk 1:32:44]}  d6 {[%clk 1:21:28]} 9. a3 {[%clk 1:02:14]}  Nf6 {[%clk 1:10:06]} 10. f3 {[%clk 0:59:26]}  Be6 {[%clk 1:07:07]} 11. Nd2 {[%clk 0:58:50]}  Nd7 {[%clk 1:06:57]} 12. Rc1 {[%clk 0:53:31]}  O-O {[%clk 1:02:49]} 13. Nb3 {[%clk 0:39:25]}  Qd8 {[%clk 0:59:15]} 14. Be2 {[%clk 0:23:20]}  a5 {[%clk 0:49:05]} 15. Na1 {[%clk 0:12:17]}  Nc5 {[%clk 0:42:08]} 16. b3 {[%clk 0:11:27]}  f5 {[%clk 0:31:33]} 17. exf5 {[%clk 0:10:33]}  gxf5 {[%clk 0:30:47]} 18. f4 {[%clk 0:09:04]}  Ne4 {[%clk 0:24:13]} 19. Nxe4 {[%clk 0:07:29]}  fxe4 {[%clk 0:24:39]} 20. O-O {[%clk 0:07:31]}  d5 {[%clk 0:19:30]} 21. cxd5 {[%clk 0:07:55]}  Bxd5 {[%clk 0:19:55]} 22. Rc5 {[%clk 0:04:28]}  Bf7 {[%clk 0:19:14]} 23. Qb1 {[%clk 0:03:58]}  a4 {[%clk 0:07:29]} 24. Rd1 {[%clk 0:03:07]}  Qb6 {[%clk 0:04:26]} 25. b4 {[%clk 0:03:16]}  Rfd8 {[%clk 0:04:32]} 26. Qxe4 {[%clk 0:03:19]}  Rxd1+ {[%clk 0:03:48]} 27. Bxd1 {[%clk 0:03:48]}  Rd8 {[%clk 0:02:47]} 28. Bxa4 {[%clk 0:03:25]}  Nd4 {[%clk 0:01:19]} 29. Nc2 {[%clk 0:03:48]}  e5 {[%clk 0:01:05]} 30. fxe5 {[%clk 0:02:48]}  Bg6 {[%clk 0:01:16]} 31. Qh4 {[%clk 0:02:53]}  Nf5 {[%clk 0:00:50]} 32. Qc4+ {[%clk 0:01:04]}  Bf7 {[%clk 0:00:57]} 33. Qe2 {[%clk 0:00:42]}  Qg6 {[%clk 0:01:00]} 34. Bb5 {[%clk 0:00:40]}  Nxe3 {[%clk 0:00:39]} 35. Nxe3 {[%clk 0:01:05]}  Bh6 {[%clk 0:00:50]} 36. Nf1 {[%clk 0:00:58]}  Kh8 {[%clk 0:00:35]} 37. Bc4 {[%clk 0:00:48]}  Bf8 {[%clk 0:00:54]} 38. Rb5 {[%clk 0:00:49]}  Be8 {[%clk 0:01:13]} 39. Rd5 {[%clk 0:01:04]}  Rc8 {[%clk 0:01:03]} 40. Rd1 {[%clk 0:00:35]}  Bc6 {[%clk 0:00:37]} 41. Ng3 {[%clk 0:27:39]}  Bg7 {[%clk 0:25:48]} 42. Nh5 {[%clk 0:20:17]}  Be4 {[%clk 0:25:25]} 43. Nxg7 {[%clk 0:15:08]}  Rxc4 {[%clk 0:25:19]} 44. Nh5 {[%clk 0:15:23]}  Rc8 {[%clk 0:12:50]} 45. e6 {[%clk 0:15:23]}  Kg8 {[%clk 0:12:00]} 46. Qxe4 {[%clk 0:12:33]}  Qxh5 {[%clk 0:12:19]} 47. Rf1 {[%clk 0:12:46]}  Qg5 {[%clk 0:08:21]} 48. e7 {[%clk 0:12:38]}  Re8 {[%clk 0:06:36]} 49. Qe6+ {[%clk 0:13:03]}  Kg7 {[%clk 0:06:51]} 50. Rf7+ {[%clk 0:13:23]}  Kh8 {[%clk 0:07:14]} 51. Rf8+ {[%clk 0:13:47]}  Kg7 {[%clk 0:06:33]} 52. Qg8+ {[%clk 0:14:16]} 1-0

[Event "45th FIDE Chess Olympiad Open"]
[Site "Budapest, Hungary"]
[Date "2024.09.19"]
[Round "8"]
[White "Murphy, Conor E"]
[Black "Cheng, Bobby"]
[Result "1/2-1/2"]
[Board "85"]
[WhiteFideId "421669"]
[BlackFideId "4300033"]
[WhiteTitle "IM"]
[BlackTitle "GM"]
[WhiteElo "2453"]
[BlackElo "2588"]
[WhiteTeam "Ireland"]
[BlackTeam "Australia"]
[WhiteClock "0:08:25"]
[BlackClock "0:02:42"]
[Variant "Standard"]

1. e4 {[%clk 1:30:57]}  c5 {[%clk 1:30:57]} 2. Nf3 {[%clk 1:31:09]}  d6 {[%clk 1:31:24]} 3. Bb5+ {[%clk 1:31:17]}  Nd7 {[%clk 1:31:42]} 4. O-O {[%clk 1:31:28]}  a6 {[%clk 1:31:37]} 5. Be2 {[%clk 1:31:50]}  Ngf6 {[%clk 1:28:52]} 6. d3 {[%clk 1:32:11]}  e6 {[%clk 1:26:27]} 7. a4 {[%clk 1:31:50]}  b6 {[%clk 1:25:30]} 8. Nfd2 {[%clk 1:32:02]}  Nb8 {[%clk 1:17:56]} 9. f4 {[%clk 1:17:37]}  Nc6 {[%clk 1:17:40]} 10. Bf3 {[%clk 1:13:27]}  Bb7 {[%clk 0:58:32]} 11. c3 {[%clk 0:55:36]}  Be7 {[%clk 0:47:31]} 12. Qe2 {[%clk 0:44:07]}  Qc7 {[%clk 0:37:36]} 13. Nc4 {[%clk 0:41:57]}  O-O {[%clk 0:32:59]} 14. Nxd6 {[%clk 0:38:09]}  Qxd6 {[%clk 0:31:28]} 15. e5 {[%clk 0:38:33]}  Qc7 {[%clk 0:29:00]} 16. exf6 {[%clk 0:37:41]}  Bxf6 {[%clk 0:29:28]} 17. Nd2 {[%clk 0:37:17]}  Na5 {[%clk 0:28:24]} 18. Bxb7 {[%clk 0:30:35]}  Qxb7 {[%clk 0:28:08]} 19. Ne4 {[%clk 0:25:48]}  Be7 {[%clk 0:28:29]} 20. Be3 {[%clk 0:25:29]}  Qd7 {[%clk 0:25:16]} 21. Qc2 {[%clk 0:25:02]}  Rac8 {[%clk 0:22:25]} 22. Rad1 {[%clk 0:25:02]}  Qd5 {[%clk 0:13:23]} 23. Ng3 {[%clk 0:19:50]}  g6 {[%clk 0:09:11]} 24. Ne4 {[%clk 0:19:46]}  Nc6 {[%clk 0:08:22]} 25. Bc1 {[%clk 0:18:52]}  Rfd8 {[%clk 0:08:16]} 26. Nf2 {[%clk 0:18:31]}  Bf6 {[%clk 0:08:08]} 27. Ng4 {[%clk 0:18:34]}  Bg7 {[%clk 0:08:25]} 28. Ne3 {[%clk 0:17:55]}  Qd7 {[%clk 0:05:26]} 29. Nc4 {[%clk 0:17:54]}  Qc7 {[%clk 0:05:19]} 30. Qe2 {[%clk 0:15:54]}  b5 {[%clk 0:05:14]} 31. axb5 {[%clk 0:16:02]}  axb5 {[%clk 0:05:41]} 32. Nd2 {[%clk 0:14:34]}  Ne7 {[%clk 0:04:45]} 33. Ne4 {[%clk 0:12:05]}  Nd5 {[%clk 0:04:25]} 34. Kh1 {[%clk 0:12:03]}  Rd7 {[%clk 0:03:56]} 35. Qf3 {[%clk 0:06:00]}  Qa7 {[%clk 0:01:40]} 36. Rfe1 {[%clk 0:05:52]}  Qb6 {[%clk 0:01:29]} 37. Qe2 {[%clk 0:05:49]}  Qc6 {[%clk 0:01:24]} 38. Qf3 {[%clk 0:04:53]}  Qb6 {[%clk 0:01:25]} 39. Qe2 {[%clk 0:05:18]}  Qc7 {[%clk 0:01:22]} 40. Rf1 {[%clk 0:05:28]}  Qc6 {[%clk 0:01:16]} 41. Qf3 {[%clk 0:01:47]}  Ra7 {[%clk 0:29:48]} 42. c4 {[%clk 0:23:27]}  Nf6 {[%clk 0:22:11]} 43. cxb5 {[%clk 0:12:58]}  Qb7 {[%clk 0:15:37]} 44. Nd6 {[%clk 0:08:54]}  Qxf3 {[%clk 0:15:53]} 45. Rxf3 {[%clk 0:09:20]}  Rd8 {[%clk 0:13:31]} 46. Nc4 {[%clk 0:09:46]}  Rb7 {[%clk 0:11:20]} 47. b6 {[%clk 0:10:09]}  Nd5 {[%clk 0:11:27]} 48. Bd2 {[%clk 0:09:07]}  Ra8 {[%clk 0:10:03]} 49. Ba5 {[%clk 0:07:09]}  Bxb2 {[%clk 0:09:17]} 50. Rb1 {[%clk 0:05:32]}  Bc3 {[%clk 0:08:37]} 51. Bxc3 {[%clk 0:04:07]}  Nxc3 {[%clk 0:09:05]} 52. Rc1 {[%clk 0:04:13]}  Ra4 {[%clk 0:06:13]} 53. g3 {[%clk 0:01:36]}  Nd5 {[%clk 0:06:11]} 54. Kg2 {[%clk 0:01:13]}  Kg7 {[%clk 0:01:33]} 55. Rf2 {[%clk 0:01:16]}  Nxb6 {[%clk 0:01:31]} 56. Nxb6 {[%clk 0:00:34]}  Rxb6 {[%clk 0:01:59]} 57. Rxc5 {[%clk 0:00:46]}  Rb3 {[%clk 0:01:11]} 58. Rd2 {[%clk 0:00:47]}  Rd4 {[%clk 0:01:14]} 59. h4 {[%clk 0:00:37]}  h5 {[%clk 0:00:34]} 60. Kf2 {[%clk 0:00:55]}  Rdxd3 {[%clk 0:00:44]} 61. Rxd3 {[%clk 0:01:20]}  Rxd3 {[%clk 0:01:09]} 62. Ra5 {[%clk 0:01:42]}  Kf6 {[%clk 0:01:22]} 63. Rb5 {[%clk 0:02:00]}  Ke7 {[%clk 0:00:59]} 64. Ra5 {[%clk 0:02:23]}  Rd5 {[%clk 0:01:05]} 65. Ra7+ {[%clk 0:02:43]}  Rd7 {[%clk 0:01:32]} 66. Ra8 {[%clk 0:02:57]}  Kd6 {[%clk 0:01:26]} 67. Ra5 {[%clk 0:03:22]}  Rc7 {[%clk 0:01:50]} 68. Kf3 {[%clk 0:03:28]}  Rc3+ {[%clk 0:01:34]} 69. Kf2 {[%clk 0:03:54]}  Rc5 {[%clk 0:01:54]} 70. Ra7 {[%clk 0:03:36]}  Rc7 {[%clk 0:02:19]} 71. Ra5 {[%clk 0:03:16]}  Ke7 {[%clk 0:01:59]} 72. Kf3 {[%clk 0:03:41]}  Kf6 {[%clk 0:02:15]} 73. Rb5 {[%clk 0:04:00]}  Ra7 {[%clk 0:02:39]} 74. Rb3 {[%clk 0:03:35]}  Rd7 {[%clk 0:02:04]} 75. Rb5 {[%clk 0:03:51]}  Rd3+ {[%clk 0:02:21]} 76. Kf2 {[%clk 0:04:17]}  Rd5 {[%clk 0:02:33]} 77. Rb7 {[%clk 0:04:42]}  Rf5 {[%clk 0:02:53]} 78. Kg2 {[%clk 0:04:43]}  Kg7 {[%clk 0:03:06]} 79. Ra7 {[%clk 0:04:58]}  Rd5 {[%clk 0:03:05]} 80. Kf3 {[%clk 0:05:16]}  Kf8 {[%clk 0:03:19]} 81. Ra6 {[%clk 0:04:39]}  Ke7 {[%clk 0:03:44]} 82. Ra7+ {[%clk 0:04:53]}  Rd7 {[%clk 0:04:10]} 83. Ra6 {[%clk 0:05:20]}  Rb7 {[%clk 0:04:28]} 84. Kf2 {[%clk 0:05:39]}  Kf6 {[%clk 0:02:02]} 85. Ra5 {[%clk 0:06:06]}  Rb3 {[%clk 0:01:49]} 86. Ra7 {[%clk 0:06:30]}  Rb5 {[%clk 0:01:48]} 87. Kf3 {[%clk 0:06:47]}  Kg7 {[%clk 0:01:45]} 88. Kf2 {[%clk 0:07:07]}  Rc5 {[%clk 0:01:53]} 89. Kf3 {[%clk 0:07:32]}  Rf5 {[%clk 0:02:18]} 90. Kg2 {[%clk 0:07:55]}  e5 {[%clk 0:02:17]} 91. fxe5 {[%clk 0:07:26]}  Rxe5 {[%clk 0:02:46]} 92. Kf3 {[%clk 0:07:33]}  Kf6 {[%clk 0:03:12]} 93. Ra6+ {[%clk 0:07:57]}  Kf5 {[%clk 0:02:59]} 94. Ra7 {[%clk 0:08:14]}  f6 {[%clk 0:02:47]} 95. Ra4 {[%clk 0:08:30]}  Rb5 {[%clk 0:02:27]} 96. Ra3 {[%clk 0:08:25]}  Ke6 {[%clk 0:02:22]} 97. Re3+ {[%clk 0:08:25]}  Re5 {[%clk 0:02:43]} 98. Ra3 {[%clk 0:08:51]}  Rf5+ {[%clk 0:02:53]} 99. Kg2 {[%clk 0:08:46]}  Rd5 {[%clk 0:03:12]} 100. Kf3 {[%clk 0:09:02]}  Rb5 {[%clk 0:03:01]} 101. Re3+ {[%clk 0:07:25]}  Re5 {[%clk 0:03:08]} 102. Ra3 {[%clk 0:07:50]}  Rf5+ {[%clk 0:02:32]} 103. Kg2 {[%clk 0:08:14]}  Rd5 {[%clk 0:02:23]} 104. Kf3 {[%clk 0:08:36]}  g5 {[%clk 0:02:33]} 105. hxg5 {[%clk 0:08:03]}  fxg5 {[%clk 0:03:01]} 106. Ra2 {[%clk 0:05:02]}  Rd3+ {[%clk 0:02:59]} 107. Kg2 {[%clk 0:05:24]}  Re3 {[%clk 0:03:03]} 108. Kf2 {[%clk 0:05:41]}  Re5 {[%clk 0:02:50]} 109. Kf3 {[%clk 0:05:55]}  Rb5 {[%clk 0:01:51]} 110. Kg2 {[%clk 0:06:04]}  Kf5 {[%clk 0:01:56]} 111. Kf3 {[%clk 0:05:57]}  Rb3+ {[%clk 0:02:13]} 112. Kg2 {[%clk 0:06:16]}  Re3 {[%clk 0:01:58]} 113. Kf2 {[%clk 0:06:27]}  Re5 {[%clk 0:02:07]} 114. Kf3 {[%clk 0:06:44]}  Rd5 {[%clk 0:02:18]} 115. Rb2 {[%clk 0:06:27]}  Rd3+ {[%clk 0:02:37]} 116. Kg2 {[%clk 0:06:52]}  Ke4 {[%clk 0:02:53]} 117. Kf2 {[%clk 0:06:43]}  Rf3+ {[%clk 0:02:05]} 118. Kg2 {[%clk 0:07:08]}  Rc3 {[%clk 0:02:17]} 119. Kf2 {[%clk 0:06:44]}  g4 {[%clk 0:02:04]} 120. Rb4+ {[%clk 0:05:42]}  Kd3 {[%clk 0:02:06]} 121. Rb5 {[%clk 0:05:48]}  Rc2+ {[%clk 0:02:27]} 122. Kg1 {[%clk 0:05:58]}  Ke4 {[%clk 0:01:26]} 123. Rxh5 {[%clk 0:06:10]}  Kf3 {[%clk 0:01:49]} 124. Rf5+ {[%clk 0:05:39]}  Kxg3 {[%clk 0:02:08]} 125. Rf1 {[%clk 0:05:52]}  Rg2+ {[%clk 0:01:21]} 126. Kh1 {[%clk 0:06:18]}  Rf2 {[%clk 0:01:48]} 127. Ra1 {[%clk 0:06:34]}  Kh3 {[%clk 0:01:56]} 128. Kg1 {[%clk 0:06:48]}  Rg2+ {[%clk 0:01:55]} 129. Kh1 {[%clk 0:07:08]}  Rb2 {[%clk 0:02:16]} 130. Kg1 {[%clk 0:07:25]}  g3 {[%clk 0:02:38]} 131. Rc1 {[%clk 0:07:42]}  Rg2+ {[%clk 0:02:34]} 132. Kh1 {[%clk 0:08:05]}  Re2 {[%clk 0:02:42]} 133. Kg1 {[%clk 0:08:25]} 1/2-1/2

[Event "45th FIDE Chess Olympiad Open"]
[Site "Budapest, Hungary"]
[Date "2024.09.19"]
[Round "8"]
[White "Sardana, Rishi"]
[Black "Kanyamarala, Tarun"]
[Result "1/2-1/2"]
[Board "86"]
[WhiteFideId "25004301"]
[BlackFideId "45004714"]
[WhiteTitle "IM"]
[BlackTitle "IM"]
[WhiteElo "2477"]
[BlackElo "2361"]
[WhiteTeam "Australia"]
[BlackTeam "Ireland"]
[WhiteClock "0:18:15"]
[BlackClock "0:07:49"]
[Variant "Standard"]

1. e4 {[%clk 1:30:58]}  c5 {[%clk 1:30:51]} 2. Nf3 {[%clk 1:31:25]}  e6 {[%clk 1:31:12]} 3. c3 {[%clk 1:31:13]}  Nf6 {[%clk 1:31:21]} 4. e5 {[%clk 1:31:05]}  Nd5 {[%clk 1:31:36]} 5. d4 {[%clk 1:31:29]}  cxd4 {[%clk 1:31:54]} 6. cxd4 {[%clk 1:31:54]}  d6 {[%clk 1:32:10]} 7. Bc4 {[%clk 1:32:05]}  Be7 {[%clk 1:32:29]} 8. O-O {[%clk 1:32:28]}  O-O {[%clk 1:32:50]} 9. Qe2 {[%clk 1:32:50]}  dxe5 {[%clk 1:32:51]} 10. dxe5 {[%clk 1:32:37]}  Bd7 {[%clk 1:33:02]} 11. Bxd5 {[%clk 1:25:53]}  exd5 {[%clk 1:33:25]} 12. Rd1 {[%clk 1:25:53]}  Be6 {[%clk 1:32:43]} 13. Nc3 {[%clk 1:22:36]}  Nc6 {[%clk 1:32:13]} 14. h3 {[%clk 1:20:33]}  Qd7 {[%clk 1:30:00]} 15. Be3 {[%clk 1:10:53]}  f6 {[%clk 1:25:51]} 16. exf6 {[%clk 0:59:46]}  Bxf6 {[%clk 1:26:02]} 17. Ne4 {[%clk 0:53:31]}  Rae8 {[%clk 1:19:39]} 18. Nc5 {[%clk 0:38:56]}  Qf7 {[%clk 1:17:50]} 19. Nxe6 {[%clk 0:37:41]}  Rxe6 {[%clk 1:17:34]} 20. Qc2 {[%clk 0:37:00]}  Re4 {[%clk 1:03:25]} 21. Rd2 {[%clk 0:34:20]}  Rfe8 {[%clk 0:55:30]} 22. Qd1 {[%clk 0:25:48]}  d4 {[%clk 0:36:20]} 23. Bg5 {[%clk 0:26:11]}  h6 {[%clk 0:28:39]} 24. Bxf6 {[%clk 0:26:37]}  Qxf6 {[%clk 0:29:05]} 25. Qb3+ {[%clk 0:14:39]}  Qf7 {[%clk 0:28:41]} 26. Qxf7+ {[%clk 0:14:05]}  Kxf7 {[%clk 0:29:09]} 27. b4 {[%clk 0:13:06]}  Ne5 {[%clk 0:16:59]} 28. Nxe5+ {[%clk 0:12:10]}  R8xe5 {[%clk 0:16:47]} 29. Rad1 {[%clk 0:05:16]}  a5 {[%clk 0:08:19]} 30. bxa5 {[%clk 0:04:19]}  Rxa5 {[%clk 0:08:28]} 31. Rxd4 {[%clk 0:01:24]}  Rxd4 {[%clk 0:08:50]} 32. Rxd4 {[%clk 0:01:51]}  Rxa2 {[%clk 0:09:10]} 33. Rd7+ {[%clk 0:02:17]}  Kf6 {[%clk 0:08:59]} 34. Rxb7 {[%clk 0:02:40]}  Ra1+ {[%clk 0:08:41]} 35. Kh2 {[%clk 0:03:07]}  Ra2 {[%clk 0:08:58]} 36. Kg3 {[%clk 0:03:34]}  Ra3+ {[%clk 0:09:01]} 37. f3 {[%clk 0:03:35]}  Rc3 {[%clk 0:07:27]} 38. Kg4 {[%clk 0:03:26]}  Rc2 {[%clk 0:06:58]} 39. Rb6+ {[%clk 0:03:46]}  Kf7 {[%clk 0:07:14]} 40. g3 {[%clk 0:04:12]}  Rc4+ {[%clk 0:05:07]} 41. f4 {[%clk 0:04:30]}  Ra4 {[%clk 0:27:22]} 42. Rb5 {[%clk 0:34:00]}  Kf6 {[%clk 0:25:12]} 43. h4 {[%clk 0:33:15]}  Ra3 {[%clk 0:20:26]} 44. Rb6+ {[%clk 0:30:19]}  Kf7 {[%clk 0:20:47]} 45. Rb5 {[%clk 0:27:04]}  Kf6 {[%clk 0:20:49]} 46. Rf5+ {[%clk 0:27:24]}  Kg6 {[%clk 0:14:23]} 47. h5+ {[%clk 0:25:50]}  Kh7 {[%clk 0:14:48]} 48. Rf8 {[%clk 0:26:13]}  Rb3 {[%clk 0:14:28]} 49. Kh4 {[%clk 0:26:29]}  Ra3 {[%clk 0:13:46]} 50. Re8 {[%clk 0:26:48]}  Rf3 {[%clk 0:13:32]} 51. Re4 {[%clk 0:27:09]}  Ra3 {[%clk 0:10:57]} 52. g4 {[%clk 0:24:51]}  Rb3 {[%clk 0:08:43]} 53. g5 {[%clk 0:22:40]}  hxg5+ {[%clk 0:09:05]} 54. fxg5 {[%clk 0:23:01]}  Rb1 {[%clk 0:08:19]} 55. Re3 {[%clk 0:19:12]}  Rh1+ {[%clk 0:07:42]} 56. Kg4 {[%clk 0:17:44]}  Rg1+ {[%clk 0:07:44]} 57. Kf4 {[%clk 0:17:41]}  Rh1 {[%clk 0:07:27]} 58. Kg4 {[%clk 0:17:57]}  Rg1+ {[%clk 0:07:49]} 59. Kf4 {[%clk 0:18:15]} 1/2-1/2

[Event "45th FIDE Chess Olympiad Open"]
[Site "Budapest, Hungary"]
[Date "2024.09.19"]
[Round "8"]
[White "O`Gorman, Tom"]
[Black "Zhao, Zong-Yuan"]
[Result "1/2-1/2"]
[Board "87"]
[WhiteFideId "2508249"]
[BlackFideId "3202534"]
[WhiteTitle "FM"]
[BlackTitle "GM"]
[WhiteElo "2353"]
[BlackElo "2478"]
[WhiteTeam "Ireland"]
[BlackTeam "Australia"]
[WhiteClock "0:26:59"]
[BlackClock "0:29:41"]
[Variant "Standard"]

1. d4 {[%clk 1:30:54]}  d5 {[%clk 1:30:50]} 2. c4 {[%clk 1:31:17]}  e6 {[%clk 1:31:17]} 3. Nc3 {[%clk 1:31:39]}  Nf6 {[%clk 1:31:21]} 4. Nf3 {[%clk 1:32:00]}  Be7 {[%clk 1:31:18]} 5. Bf4 {[%clk 1:32:23]}  O-O {[%clk 1:31:40]} 6. e3 {[%clk 1:32:46]}  b6 {[%clk 1:30:45]} 7. Bd3 {[%clk 1:31:59]}  Bb7 {[%clk 1:29:49]} 8. O-O {[%clk 1:23:04]}  Nbd7 {[%clk 1:29:54]} 9. cxd5 {[%clk 1:20:39]}  exd5 {[%clk 1:29:34]} 10. Nb5 {[%clk 1:16:58]}  c5 {[%clk 1:24:52]} 11. Nd6 {[%clk 1:07:05]}  Bxd6 {[%clk 1:06:09]} 12. Bxd6 {[%clk 1:07:22]}  Re8 {[%clk 1:06:36]} 13. b3 {[%clk 1:01:58]}  Ne4 {[%clk 1:04:54]} 14. Bf4 {[%clk 1:01:57]}  Nf8 {[%clk 1:03:15]} 15. dxc5 {[%clk 0:54:08]}  bxc5 {[%clk 1:03:26]} 16. h3 {[%clk 0:53:36]}  Ng6 {[%clk 0:50:17]} 17. Bh2 {[%clk 0:53:29]}  Nc3 {[%clk 0:47:40]} 18. Qc2 {[%clk 0:24:09]}  d4 {[%clk 0:47:36]} 19. Nd2 {[%clk 0:24:09]}  Nh4 {[%clk 0:33:46]} 20. e4 {[%clk 0:24:12]}  f5 {[%clk 0:34:01]} 21. Rae1 {[%clk 0:22:27]}  Qg5 {[%clk 0:31:52]} 22. Bg3 {[%clk 0:22:24]}  Nxg2 {[%clk 0:28:36]} 23. Kxg2 {[%clk 0:20:42]}  f4 {[%clk 0:28:43]} 24. Nb1 {[%clk 0:19:35]}  Nxb1 {[%clk 0:22:22]} 25. Qxb1 {[%clk 0:18:59]}  fxg3 {[%clk 0:22:07]} 26. fxg3 {[%clk 0:14:07]}  Re5 {[%clk 0:11:06]} 27. Rf4 {[%clk 0:13:02]}  h5 {[%clk 0:09:25]} 28. Qc1 {[%clk 0:10:58]}  Rae8 {[%clk 0:07:20]} 29. Kh2 {[%clk 0:11:08]}  Kh7 {[%clk 0:06:54]} 30. Qd1 {[%clk 0:08:28]}  Qg6 {[%clk 0:04:47]} 31. Qf3 {[%clk 0:08:37]}  R8e7 {[%clk 0:04:25]} 32. Rf5 {[%clk 0:06:50]}  Qh6 {[%clk 0:04:18]} 33. Rf4 {[%clk 0:06:06]}  Qg6 {[%clk 0:04:08]} 34. Rf5 {[%clk 0:06:04]}  Qh6 {[%clk 0:02:47]} 35. Rf8 {[%clk 0:04:31]}  h4 {[%clk 0:01:56]} 36. Rf4 {[%clk 0:02:56]}  hxg3+ {[%clk 0:01:43]} 37. Qxg3 {[%clk 0:03:24]}  g5 {[%clk 0:00:56]} 38. Rf5 {[%clk 0:01:28]}  Rxf5 {[%clk 0:00:33]} 39. exf5 {[%clk 0:01:56]}  Rxe1 {[%clk 0:01:02]} 40. Qxe1 {[%clk 0:00:47]}  Qd6+ {[%clk 0:01:19]} 41. Qg3 {[%clk 0:26:42]}  Qxg3+ {[%clk 0:29:27]} 42. Kxg3 {[%clk 0:26:59]}  Kg7 {[%clk 0:29:41]} 1/2-1/2